Kultivácia ekonomickej imaginácie experimentovaním vo virtuálnych laboratóriách. Demonštrácia na prípade Cournotovho duopolu, keď sa hráči správajú adaptívne

Teória a konvenčný model duopolu, jeho transformácia na adaptívne správanie hráčov. Demonštrácia zjednodušeného matematického prístupu k adaptívnemu duopolu.

Gespeichert in:
Bibliographische Detailangaben
1. Verfasser: Andrášik, Ladislav
Format: Buchkapitel
Sprache:Slowakisch
Schlagworte:
Tags: Tag hinzufügen
Keine Tags, Fügen Sie das erste Tag hinzu!

MARC

LEADER 00000naa a2200000 4500
001 0159507
005 20240502072750.3
041 0 |a slo 
044 |a SK 
245 1 0 |a Kultivácia ekonomickej imaginácie experimentovaním vo virtuálnych laboratóriách.  |b Demonštrácia na prípade Cournotovho duopolu, keď sa hráči správajú adaptívne  |c Ladislav Andrášik 
520 |a Teória a konvenčný model duopolu, jeho transformácia na adaptívne správanie hráčov. Demonštrácia zjednodušeného matematického prístupu k adaptívnemu duopolu. 
610 2 0 |a modely ekonomicko-matematické 
610 2 0 |a teórie ekonomické 
610 2 0 |a ceny 
610 2 0 |a matice 
100 1 |a Andrášik, Ladislav